000 01612 a2200229 4500
001 41057
005 20260407155704.0
008 260407a2003 arg spa d
003 AR-UNSa-BCEJYS
040 _aAR-UNSa-BCEJYS
_bspa
_cAR-UNSa-BCEJYS
080 _a347.72
_xSociedades comerciales
245 1 0 _aResponsabilidad patrimonial solidaria de directores, administradores, síndicos y socios en las leyes de sociedades y concursos
020 _a950-894-389-0
264 1 _aBuenos Aires :
_bAD-HOC
_c2003
300 _a144 p.
_c23 cm.
505 _a1. Citas legales y doctrinarias - 2. La teoría de la penetración en sede judicial - 3. Aplicación de normas de derecho civil - 4. Legitimación activa y pasiva - 5. Regla central: lealtad y diligencia - 6. Obligación de conservar el activo - 7. Conductas varias que fueron juzgadas - 8. Responsabilidad de los síndicos - 9. Situaciones especiales - 10. Jurisprudencia penal - 11. Extensión de la quiebra - 12. Armonización de las normas societarias y concursales sobre acciones de responsabilidad - 13. Acciones de responsabilidad de entidades financieras en liquidación. El banco central y los derechos humanos - 14. La sociedad de un solo socio (legal o virtual) y la legitimación de responsabilidad. Sociedad extranjera de un solo socio - 15. Cuestión teórica: la limitación de responsabilidad del comerciante individual
041 _aspa
942 _cBK
590 _aniveau_biblio:m niveau_hierar:0
100 1 _aHighton, Federico R.
856 4 1 _uhttps://biblioeco.unsa.edu.ar/pmb/images/libros/L126350.jpg
_yImagen de portada
_qimage/jpeg
999 _c3347
_d3347